| 000 | 00955 a2200241 4500 | ||
|---|---|---|---|
| 003 | Nust | ||
| 005 | 20221129184918.0 | ||
| 010 | _a 00044787 | ||
| 020 | _a0070486514(alk. paper) | ||
| 040 | _cNust | ||
| 082 | 0 | 0 | _a621.3815,NEA |
| 100 | 1 |
_aNeamen, Donald A. _959734 |
|
| 245 | 1 | 0 |
_aElectronic circuit analysis and design / (Include CD) _cDonald A. Neamen. |
| 250 | _a2nd ed. | ||
| 260 |
_aBoston : _bMcGraw-Hill, _cc2001. |
||
| 300 |
_axxx, 1232 p. : _bill. ; _c27 cm. + _e1 computer laser optical disc (4 3/4 in). |
||
| 490 | 1 | _aElectronics and VLSI circuits | |
| 505 | _aPart 1: Semiconductor Devices and Basic Application (Page-1), Part :2 Analog Electronic (Page-519), Part 3: Digital Electronic (Page-1001), Part 4: Answers to Selected Problems (Page-1203). | ||
| 650 | 0 | _aTelecommunication Engineering. | |
| 651 |
_a(Include CD) _98953 |
||
| 830 | 0 |
_aMcGraw-Hill series in electrical and computer engineering. _934577 |
|
| 942 |
_cREF _2ddc |
||
| 999 |
_c175879 _d175879 |
||